Historia política del Veracruz contemporáneo/

Shranjeno v:
Bibliografske podrobnosti
Glavni avtor: Alafita Méndez, Leopoldo
Format: Knjiga
Jezik:Spanish
Oznake: Označite
Brez oznak, prvi označite!

MARC

LEADER 00000nam a22000007a 4500
003 cru CIDCACS/IIS
005 20181129114232.0
007 ta
008 181129t2011 mx |||||r|||||||| 0|spa|d
999 |c 41937  |d 41937 
040 |c cru CIDCACS/IIS 
100 1 |9 8052  |a Alafita Méndez, Leopoldo 
245 1 |a Historia política del Veracruz contemporáneo/  |c Leopoldo Alafita Méndez 
300 |a páginas 421-445:  |b tablas, fotos 
773 0 |0 41933  |9 2462  |d Mexico: Gobierno del Estado de Veracruz, 2011  |o 17741  |t Historia general de Veracruz /  |z 9786075020938 
942 |2 ddc  |c LI